000 01375nam a2200241 a 4500
003 OSt
005 20240506193024.0
008 190812s1982 dr 000 spa d
040 _aDO-SdBNP
_bspa
_cBNPHU
082 _a363.87293
_bR426p
110 2 _aRepública Dominicana
_bOficina Nacional de Planificación
_99293
245 1 0 _aPrimer Plan Nacional de Alimentación y Nutrición
_h
260 _aSanto Domingo :
_c1982.
_bOficina Nacional de Planificación
300 _av. ;
_c26 cm.
500 _aIncluye referencias bibliográficas y notas al pie de las páginas
505 0 _aSíntesis de la situación socio-económica -- Antecedentes -- Marco conceptual -- La situación en la República Dominicana -- Análisis de acciones sectoriales -- Hacia una estrategia alimentaria y nutricional -- Antecedentes para la formulación de políticas -- Bases y sugerencias para una política nacional de alimentación y nutrición -- Aspectos programáticos globales -- Programas y proyectos del Plan de Alimentación y Nutrición -- Costos y necesidades de financiamiento de los programas y proyectos para El Plan Nacional de Alimentación y Nutrición.
590 _aInventariado, 2020/VM
650 0 _aNutrición
_912779
650 7 _2Lemb
_aPolítica nutricional
_zRepública Dominicana
_976717
910 _aEn proceso
942 _2ddc
_cLF1
956 _aVMateo
999 _c48776
_d48776